书目信息 |
| 题名: |
中老年保健精粹
|
|
| 作者: | 张建 , 华琦 主编 | |
| 分册: | ||
| 出版信息: | 北京 人民卫生出版社 2003 |
|
| 页数: | 19,321页 | |
| 开本: | 24cm | |
| 丛书名: | ||
| 单 册: | ||
| 中图分类: | R161.7 | |
| 科图分类: | ||
| 主题词: | 老年病--常见病--防治 , 中年人 , 中年人--常见病--防治 , 常见病 , 老年病 , 个人卫生 | |
| 电子资源: | ||
| ISBN: | 7-117-05607-X | |
| 000 | 00988nam0 2200301 450 | |
| 001 | 002464823 | |
| 005 | 20061107110314.40 | |
| 010 | @a7-117-05607-X@dCNY55.00 | |
| 100 | @a20030928d2003 em y0chiy0110 ea | |
| 101 | 0 | @achi |
| 102 | @aCN@b110000 | |
| 105 | @aa z 000yy | |
| 200 | 1 | @a中老年保健精粹@9zhong lao nian bao jian jing cui@e常见病症防治知识@f张建,华琦主编 |
| 210 | @a北京@c人民卫生出版社@d2003 | |
| 215 | @a19,321页@c彩图@d24cm | |
| 330 | @a本书图文并茂,兼顾科学性与通俗性,针对当前中老年人的常见病症与多发病的病因、症状、防治与康复等问题,进行深入浅出的介绍与讲解。 | |
| 517 | 1 | @a常见病症防治知识@9chang jian bing zheng fang zhi zhi shi |
| 606 | 0 | @a老年病@x常见病@x防治 |
| 606 | 0 | @a中年人 |
| 606 | 0 | @a中年人@x常见病@x防治 |
| 606 | 0 | @a常见病 |
| 606 | 0 | @a老年病 |
| 606 | 0 | @a个人卫生 |
| 690 | @aR161.7@v4 | |
| 701 | 0 | @a张建@9zhang jian@c(保健)@4主编 |
| 701 | 0 | @a华琦@9hua qi@4主编 |
| 801 | 0 | @aCN@bNLC@c20061107 |
| 905 | @a10447@dR161.7@e110 | |
| 中老年保健精粹:常见病症防治知识/张建,华琦主编.-北京:人民卫生出版社,2003 |
| 19,321页:彩图;24cm |
| ISBN 7-117-05607-X:CNY55.00 |
| 本书图文并茂,兼顾科学性与通俗性,针对当前中老年人的常见病症与多发病的病因、症状、防治与康复等问题,进行深入浅出的介绍与讲解。 |
| ● |
| 相关链接 |
|
|
|
|
正题名:中老年保健精粹
索取号:R161.7/110
 
预约/预借
| 序号 | 登录号 | 条形码 | 馆藏地/架位号 | 状态 | 备注 |
| 1 | 0381786 | 203817860 | 第二样本阅览室/ [索取号:R161.7/110] | 在馆 | |
| 2 | 0381787 | 203817879 | 第三借阅区/ [索取号:R161.7/110] | 在馆 | |
| 3 | 0381788 | 203817888 | 第三借阅区/ [索取号:R161.7/110] | 在馆 | |
| 4 | 0381789 | 203817897 | 教育系资料室/ [索取号:R161.7/110] | 在馆 | |
| 5 | 0381790 | 203817904 | 教育系资料室/ [索取号:R161.7/110] | 在馆 |